| 000 | 01159nam a2200337Ia 4500 | ||
|---|---|---|---|
| 001 | Para_9797 | ||
| 003 | CHAP | ||
| 008 | 220125s2006 xx 000 0 und d | ||
| 010 | _a208444 | ||
| 020 | _a978-84-200-1157-8 | ||
| 040 | _cCHAP | ||
| 082 | _aPA 616.96 P37 | ||
| 245 |
_aParasitología general : _b Con principios de inmunología, diagnóstico y lucha antiparasitaria / _c editores Theodor Hiepe, Richard Lucius, Bruno Gottstein; traductor Javier Arola Navarro |
||
| 260 |
_aZaragoza, España : _b Acribia |
||
| 300 | _a600 p. | ||
| 500 | _aTraducción de: Allgemeine parasitologie mit den grundzügen der immunologie, diagnostik und bekämpfung | ||
| 650 |
_aInmunología _958818 |
||
| 650 |
_aParasitología _985468 |
||
| 650 |
_aParásitos _985652 |
||
| 700 |
_aArola Navarro, Javier, tr. _9174866 |
||
| 700 |
_aGottstein, Bruno, ed. _9174867 |
||
| 700 |
_aHiepe, Theodor, ed. _9174868 |
||
| 700 |
_aLucius, Richard, ed. _9174869 |
||
| 901 | _aPA 616.96 P37 | ||
| 902 | _aM | ||
| 905 | _a5232202006 a 8000000300 00 | ||
| 910 | _a2006 | ||
| 942 | _cPARA | ||
| 942 |
_cPARA _d1 |
||
| 999 |
_c208444 _d208444 |
||